| 000 | 00335 a2200133 4500 | ||
|---|---|---|---|
| 999 |
_c324885 _d324885 |
||
| 001 | 89812 | ||
| 003 | NUST | ||
| 082 | _a823.914 TAR | ||
| 100 |
_aTariq Ali _99312 |
||
| 245 |
_aShadow of the pomegranate tree _b(A Novel) |
||
| 260 |
_aIlqa Publications _bLahore _c1992 |
||
| 300 | _aviii, 264p. | ||
| 500 | _aGeneral Books | ||
| 942 |
_aCAE NUST _cBK _k823.914 TAR _2ddc |
||